| 000 | 00620nam a2200217 i 4500 | ||
|---|---|---|---|
| 001 | bg | ||
| 100 | 1 | _aPLUCIŃSKA, Agnieszka | |
| 245 | 0 |
_aZadania z rachunku prawdopodobieństwa i statystyki matematycznej / _cAgnieszka Plucińska, Edmund Pluciński. |
|
| 250 | _aWyd.2. | ||
| 260 |
_aWarszawa, _c1971. |
||
| 650 | 9 | _aRachunek prawdopodobieństwa | |
| 650 | 9 | _aStatystyka matematyczna | |
| 655 | _aPodręczniki akademickie | ||
| 655 | _aĆwiczenia i zadania | ||
| 700 | 1 | _aPLUCIŃSKI, Edmund | |
| 040 | _cBPK | ||
| 041 | _apol | ||
| 080 | _a519.2 | ||
| 942 | _cKS | ||
| 008 | s pl f |000 0 pol | ||
| 999 |
_c7477 _d7477 |
||
| 856 |
_uhttp://koha.tu.koszalin.pl/cgi-bin/koha/opac-detail.pl?biblionumber=7477 _yKatalog online BPK |
||